Statistics for Fire Emblem Heroes: Colorless Units

Click here to take the quiz!

General Stats

  • This quiz has been taken 44 times
    (13 since last reset)
  • The average score is 146 of 195

Answer Stats

Unit Name% Correct
Byleth (f/CYL)
100%
Clarisse
100%
Corrin (f/fallen)
100%
Corrin (f/legendary)
100%
Corrin (m/New Year)
100%
Elise
100%
Elise & Sakura (duo/Day of Devotion)
100%
Ethlyn
100%
Ethlyn (dancer)
100%
Faye
100%
Faye (Day of Devotion)
100%
Gordin
100%
Innes
100%
Jakob
100%
Jakob (harvest)
100%
Kagero
100%
Kagero (spring)
100%
Klein
100%
Lachesis
100%
Leanne
100%
Leif & Seliph (duo/scion)
100%
Leif (legendary)
100%
Lena
100%
Leon
100%
Matthew
100%
Mercedes
100%
Mia & “Marth” (summer)
100%
Micaiah & Sothe (duo/wedding)
100%
Micaiah (legendary)
100%
Micaiah (summer)
100%
Nanna
100%
Nanna (scion)
100%
Natasha
100%
Nina & Kagero (thief festival)
100%
Priscilla
100%
Robin (f/Day of Devotion)
100%
Robin (f/fallen)
100%
Robin (f/fallen/harvest)
100%
Robin (f/fallen/rearmed)
100%
Serra
100%
Shinon
100%
Silque
100%
Silque (Day of Devotion)
100%
Sothe
100%
Takumi
100%
Takumi (fallen)
100%
Takumi (New Year)
100%
Takumi (summer)
100%
Tethys
100%
Tiki (fallen)
100%
Veronica (CYL)
100%
Alm (legendary)
80%
Arval
80%
Ash
80%
Askr
80%
Askr & Embla (duo/New Year)
80%
Azama
80%
Bruno (spring)
80%
Camilla (CYL)
80%
Camilla (hot spring)
80%
Celica (ascended)
80%
Clarine
80%
Claude
80%
Claude (CYL)
80%
Claude (legendary)
80%
Edelgard (fallen)
80%
Eir
80%
Emmeryn
80%
Etie
80%
Felicia
80%
Fjorm (wedding)
80%
Flayn
80%
Fomortiis
80%
Freyja (summer)
80%
Gaius
80%
Gaius (summer)
80%
Genny
80%
Genny (picnic)
80%
Gotoh
80%
Hilda & Marianne (duo/summer)
80%
Hinoka (alt)
80%
Ignatz (winter)
80%
Innes (baby)
80%
Jaffar
80%
Jeorge
80%
Joshua (ascended)
80%
Legault
80%
Linhardt
80%
Lissa
80%
Lissa (Day of Devotion)
80%
Loki
80%
Loki (spring)
80%
Louise
80%
Louise (wedding)
80%
Lyn & Florina (duo/ninja)
80%
Lyn (CYL)
80%
Lyn (wedding)
80%
Maria
80%
Marianne (CYL)
80%
Maribelle
80%
Marth & Elice (duo/winter)
80%
Medeus
80%
Mist
80%
Múspell (flame festival)
80%
Myrrh & Nah (spring)
80%
Nifl (summer)
80%
Niles
80%
Nina
80%
Norne
80%
Olivia (performing arts)
80%
Raphael (desert)
80%
Rebecca
80%
Sakura
80%
Sakura (harvest)
80%
Sakura (hot spring)
80%
Selkie (New Year)
80%
Setsuna
80%
Soren (baby)
80%
Tanya
80%
Vika (pirate)
80%
Virion
80%
Wolf
80%
Xane (desert)
80%
Xane (harvest)
80%
Annette (winter)
60%
Ashera
60%
Bernadetta
60%
Brady
60%
Bramimond
60%
Caineghis
60%
Cecilia (winter)
60%
Cordelia (wedding)
60%
Dorothea (summer)
60%
Duma
60%
Dwyer
60%
Eirika (winter)
60%
Elice
60%
Elimine
60%
Elincia (ascended)
60%
Florina (ascended)
60%
Frederick (summer)
60%
Gunnthrá (summer)
60%
Henry (spring)
60%
Igrene (ninja)
60%
Julian
60%
Kaze
60%
Kronya
60%
Laegjarn (ascended)
60%
L’Arachel (baby)
60%
Larum
60%
Leila
60%
Leonie (summer)
60%
Linde (summer)
60%
Lyre (New Year)
60%
Lysithea & Lute (duo/winter)
60%
Mia (harvest)
60%
Mila
60%
Naga (harvest)
60%
Niime
60%
Nyna
60%
Rhea (fallen)
60%
Rhys (summer)
60%
Roy (Day of Devotion)
60%
Saizo
60%
Sara
60%
Tana (rearmed)
60%
Tibarn (pirate)
60%
Tine
60%
Triandra (spring)
60%
Ursula (summer)
60%
Wrys
60%
Xander (dancer)
60%
Yuri
60%
August
40%
Chad
40%
Dozla (harvest)
40%
Eleonora
40%
Forrest
40%
Gangrel
40%
Jamke
40%
Kiragi
40%
Laevatein (New Year)
40%
Lucius
40%
Merlinus
40%
Mikoto
40%
Noire (summer)
40%
Plumeria (New Year)
40%
Sephiran (winter)
40%
Velouria
40%
Deen (desert)
20%
Eremiya
20%
Rolf (harvest)
20%
Saul (wedding)
20%
Heath (ninja)
0%
Nephenee (dancer)
0%

Score Distribution

Percentile by Number Answered

Percent of People with Each Score

Your Score History

You have not taken this quiz since the last reset